000 00858cam a2200277 a 4500
999 _c130359
_d130359
001 4488422
003 ARRUPE
005 20200212112812.0
008 970304m19979999enk b 001 0 eng
010 _a 97012053
020 _a185898100X
020 _a1858980968 (set)
040 _aDLC
_cDLC
_dDLC
050 0 0 _aB765.T54
_bS934
082 0 0 _a320/.092
_221
100 _aStump, Eleonore
_949524
245 0 0 _aAquinas /
_cEleonore Stump
260 _aLondon
_bRoutledge
_c2003
300 _axx, 611p. ;
_c24 cm.
440 _aArguments of the philosophers
_921761
504 _aIncludes bibliographical references and index.
600 0 0 _aThomas,
_cAquinas, Saint,
_937174
906 _a7
_bcbc
_corignew
_d1
_eocip
_f19
_gy-gencatlg
942 _2lcc
_cMONOGRAPH